000 00670nam a2200241Ia 4500
003 OSt
005 20221006164930.0
006 a|||||r|||| 00| 0
007 ta
008 221006b |||||||| |||| 00| 0 eng d
024 _a1,529
037 _cTextual
040 _aFML
_cFML
_beng
041 _2eng
_aeng
082 _aNS44v, K7
100 _aMassey Reginald Au.
_9678711
245 0 _aIndian Dance
_b Theit History and Growth
260 _aLondon
_bFaber & Faber
_c1967
300 _a267
_ccm.
700 _a Singha Rina Au.
_9678712
942 _hNS44v, K7
_cTEXL
_2CC
999 _c1118987
_d1118987